000 00573nam a2200229Ia 4500
003 OSt
005 20220918231737.0
006 a|||||r|||| 00| 0
007 ta
008 220917b |||||||| |||| 00| 0 eng d
024 _a349,697
037 _cTextual
040 _aARTS
_cARTS
_beng
041 _2eng
_aeng
082 _aO111, N0
100 _aBoulares Habib Au.
_9155587
245 0 _aIslam the fear of the hope
260 _c1990
650 _aENGLISH LANGUAGE
942 _hO111, N0
_cTEXL
_2CC
999 _c292226
_d292226